Freedy the frog
| Main Author: | |
|---|---|
| Format: | Book |
| Published: |
Petaling Jaya :
Pustaka Siswa Moden ,
1992
|
| Subjects: |
MARC
| LEADER | 00000cam a2200000 7i4500 | ||
|---|---|---|---|
| 001 | 0000006925 | ||
| 002 | 000007457 | ||
| 005 | 20000330.0 | ||
| 020 | |a 9839595741 | ||
| 090 | 0 | 0 | |a JF |b NON |
| 100 | 0 | |a Nonie Habib | |
| 245 | 1 | 0 | |a Freedy the frog |c Nonie Habib |
| 260 | |a Petaling Jaya : |b Pustaka Siswa Moden , |c 1992 | ||
| 300 | |a 22p. : |b ill. ; |c 21cm. | ||
| 650 | 0 | 0 | |a Children's stories |
| 999 | |a 022286 |b BUKU |c PINJAMAN |e PERPUSTAKAAN KOMUNITI PETALING JAYA | ||
| 999 | |a 022287 |b BUKU |c PINJAMAN |e PERPUSTAKAAN KOMUNITI PETALING JAYA | ||